Catálogo
 En Linea

La doctrina atomista antigua : (Registro nro. 24457)

Detalles MARC
000 -CABECERA
campo de control de longitud fija 00634nam a2200193 a 4500
001 - NÚMERO DE CONTROL
campo de control 000024964
005 - FECHA Y HORA DE LA ÚLTIMA TRANSACCIÓN
campo de control 20200930023458.0
008 - DATOS DE LONGITUD FIJA--INFORMACIÓN GENERAL
campo de control de longitud fija 110208s1979 dr 000 0 spa d
082 ## - NÚMERO DE LA CLASIFICACIÓN DECIMAL DEWEY
Número de clasificación 180
Número de documento/Ítem P349d
040 ## - FUENTE DE LA CATALOGACIÓN
Centro catalogador/agencia de origen DO-SdBNP
100 1# - ENTRADA PRINCIPAL--NOMBRE DE PERSONA
Nombre de persona Peña Ramos, Héctor Antonio
9 (RLIN) 51230
245 13 - MENCIÓN DE TÍTULO
Título La doctrina atomista antigua :
Resto del título importante filosofía materialista /
Mención de responsabilidad, etc. Hector Antonio Peña Ramos.
260 ## - PUBLICACIÓN, DISTRIBUCIÓN, ETC.
Lugar de publicación, distribución, etc. Santo Domingo :
Nombre del editor, distribuidor, etc. Alfa y Omega,
Fecha de publicación, distribución, etc. 1979.
300 ## - DESCRIPCIÓN FÍSICA
Extensión 89 p. ;
Dimensiones 20 cm.
504 ## - NOTA DE BIBLIOGRAFÍA, ETC.
Nota de bibliografía, etc. Bibliografía : p. 85-87.
590 ## - NOTA LOCAL (RLIN)
Nota local Inventariado, 2018/MFF
650 #4 - PUNTO DE ACCESO ADICIONAL DE MATERIA--TÉRMINO DE MATERIA
Término de materia o nombre geográfico como elemento de entrada Filosofía antigua
9 (RLIN) 1215
910 ## - DATOS DE OPCIÓN DEL USUARIO (OCLC)
Datos de opción del usuario Validado. Control de calidad EMS
Existencias
Estado de retiro Estado de pérdida No para préstamo Código de colección Localización permanente Ubicación/localización actual Ubicación en estantería Fecha de adquisición Número de inventario Total de préstamos Signatura topográfica completa Código de barras Fecha visto por última vez Precio válido a partir de Tipo de ítem Koha Número de copia
    Excluido de préstamo Patrimonio Dominicano Patrimonio Dominicano Patrimonio Dominicano Depósito 08.02.2011 LF1   180 P349d 24964-10 25.06.2020 25.06.2020 Libro y Folleto Colección Patrimonio Dominicano  
    Excluido de préstamo Patrimonio Dominicano Patrimonio Dominicano Patrimonio Dominicano Depósito 07.05.2014 LF1   180 P349d 24964-20 25.06.2020 25.06.2020 Libro y Folleto Colección Patrimonio Dominicano e. 2

Con tecnología Koha